| 000 | 00676nam a2200253Ia 4500 | ||
|---|---|---|---|
| 008 | 160303s9999 xx 000 0 und d | ||
| 020 | _a971-23-4458-4 | ||
| 050 | _aFIL HD 4904 | ||
| 050 | _b.P34 2006 | ||
| 100 | _aPagoso, Cristobal M. | ||
| 245 | _aLabor economics / | ||
| 245 | _cCristobal M. Pagoso, Rosemary P. Dinio. | ||
| 250 | _aUpdated Edition | ||
| 260 | _aManila: | ||
| 260 | _bRex Book Store, Inc., | ||
| 260 | _c2006 | ||
| 300 | _a343 pages : | ||
| 300 | _billustrations ; | ||
| 300 | _c22 cm. | ||
| 500 | _aIncludes bibliographical references and index. | ||
| 650 | _aLabor economics. | ||
| 650 | _aPhilippines. | ||
| 650 | _xLabor market -- | ||
| 999 |
_c291296 _d291296 |
||